<?xml version="1.0" encoding="UTF-8"?>
<record
    xmlns:xsi="http://www.w3.org/2001/XMLSchema-instance"
    xsi:schemaLocation="http://www.loc.gov/MARC21/slim http://www.loc.gov/standards/marcxml/schema/MARC21slim.xsd"
    xmlns="http://www.loc.gov/MARC21/slim">

  <leader>00672nam  2200181   4500</leader>
  <controlfield tag="001">6085</controlfield>
  <datafield tag="090" ind1=" " ind2=" ">
    <subfield code="a">6085</subfield>
  </datafield>
  <datafield tag="100" ind1=" " ind2=" ">
    <subfield code="a">20190729k        u||y0frey50      ba</subfield>
  </datafield>
  <datafield tag="101" ind1=" " ind2=" ">
    <subfield code="a">eng</subfield>
  </datafield>
  <datafield tag="200" ind1=" " ind2=" ">
    <subfield code="a">The World Uranium Hearing, September 13-18. 1992 at the historic Residency and at the old University of Salzburg, Austria</subfield>
    <subfield code="b">Brochure</subfield>
    <subfield code="f">The World Uranium Hearing</subfield>
  </datafield>
  <datafield tag="210" ind1=" " ind2=" ">
    <subfield code="a">M&#xFC;nchen</subfield>
    <subfield code="c">The World Uranium Hearing</subfield>
    <subfield code="d">1992</subfield>
  </datafield>
  <datafield tag="215" ind1=" " ind2=" ">
    <subfield code="a">1 chemise (6 f.)</subfield>
    <subfield code="c">ill.</subfield>
    <subfield code="d">31 cm</subfield>
  </datafield>
  <datafield tag="606" ind1=" " ind2=" ">
    <subfield code="9">5576</subfield>
    <subfield code="a">Nucl&#xE9;aire (Armement)</subfield>
  </datafield>
  <datafield tag="606" ind1=" " ind2=" ">
    <subfield code="9">648</subfield>
    <subfield code="a">Nucl&#xE9;aire (Energie)</subfield>
  </datafield>
  <datafield tag="606" ind1=" " ind2=" ">
    <subfield code="9">557</subfield>
    <subfield code="a">&#xC9;cologie</subfield>
  </datafield>
  <datafield tag="608" ind1=" " ind2=" ">
    <subfield code="9">2451</subfield>
    <subfield code="a">Congr&#xE8;s</subfield>
  </datafield>
  <datafield tag="710" ind1=" " ind2=" ">
    <subfield code="9">4701</subfield>
    <subfield code="a">World Uranium Hearing</subfield>
    <subfield code="e">Salzburg</subfield>
    <subfield code="f">13-19 September 1992</subfield>
  </datafield>
  <datafield tag="801" ind1=" " ind2=" ">
    <subfield code="a">CH</subfield>
    <subfield code="b">CH-002049-8</subfield>
  </datafield>
  <datafield tag="995" ind1=" " ind2=" ">
    <subfield code="1">0</subfield>
    <subfield code="2">0</subfield>
    <subfield code="3">0</subfield>
    <subfield code="5">2026-06-18</subfield>
    <subfield code="9">7065</subfield>
    <subfield code="b">ARCHIC</subfield>
    <subfield code="c">ARCHIC</subfield>
    <subfield code="e">Brochures</subfield>
    <subfield code="f">7911</subfield>
    <subfield code="h">Contratom</subfield>
    <subfield code="k">Broch 2741</subfield>
    <subfield code="l">+ 1 courrier adress&#xE9; &#xE0; CONTRATOM</subfield>
    <subfield code="o">1</subfield>
  </datafield>
</record>
